[Event "85th ch-GER 2014"]
[Site "Verden an der Aller GER"]
[Date "2014.11.26"]
[Round "6.3"]
[White "Svane, Rasmus"]
[Black "Buhmann, Rainer"]
[Result "1/2-1/2"]
[WhiteTitle "IM"]
[BlackTitle "GM"]
[WhiteElo "2509"]
[BlackElo "2601"]
[WhiteFideId "4657101"]
[BlackFideId "4651340"]
[EventDate "2014.11.21"]

1. d4 d5 2. c4 c6 3. Nc3 Nf6 4. cxd5 cxd5 5. Bf4 Nc6 6. e3 a6 7. Bd3 Bg4 8. Nge2
e6 9. O-O Bd6 10. f3 Bh5 11. Na4 Bg6 12. Nc5 Bxf4 13. Nxf4 Qe7 14. Qb3 Bxd3 15.
Nfxd3 Rb8 16. Qb6 Nd7 17. Nxd7 Qxd7 18. Rac1 O-O 19. Rc3 Qd8 20. Qxd8 Rfxd8 21.
Rfc1 Kf8 22. Kf2 Ke8 23. b3 Rdc8 24. Ke2 a5 25. Ne5 Ne7 26. Kd2 Rxc3 27. Rxc3 f6
28. Nd3 Kd7 29. e4 b6 30. Nf4 g6 31. exd5 Nxd5 32. Nxd5 exd5 33. Re3 Rc8 34. Rc3
Rxc3 35. Kxc3 b5 36. a4 b4+ 37. Kd3 Ke6 38. g4 g5 39. Ke3 Kf7 40. Kd3 Ke6 41.
Ke3 1/2-1/2

[Event "85th ch-GER 2014"]
[Site "Verden an der Aller GER"]
[Date "2014.11.26"]
[Round "6.4"]
[White "Kunin, Vitaly"]
[Black "Bischoff, Klaus"]
[Result "1-0"]
[WhiteTitle "GM"]
[BlackTitle "GM"]
[WhiteElo "2585"]
[BlackElo "2502"]
[WhiteFideId "4128737"]
[BlackFideId "4600045"]
[EventDate "2014.11.21"]

1. d4 Nf6 2. Nf3 e6 3. c4 Bb4+ 4. Nbd2 O-O 5. a3 Be7 6. e4 d6 7. b4 a5 8. Bb2
axb4 9. axb4 Rxa1 10. Qxa1 d5 11. e5 Ne4 12. c5 b6 13. Bd3 Nc6 14. Qa4 Bd7 15.
b5 Nxd4 16. Nxd4 Bxc5 17. Nxe4 dxe4 18. Bxe4 Qh4 19. Bf3 Qf4 20. O-O Rd8 21. g3
Qxe5 22. Nc6 Qxb2 23. Nxd8 Bxb5 24. Qf4 f5 25. Qxc7 h6 26. Bh5 1-0

[Event "85th ch-GER 2014"]
[Site "Verden an der Aller GER"]
[Date "2014.11.26"]
[Round "6.5"]
[White "Jugelt, Tobias"]
[Black "Gutman, Lev"]
[Result "1/2-1/2"]
[WhiteTitle "IM"]
[BlackTitle "GM"]
[WhiteElo "2404"]
[BlackElo "2408"]
[WhiteFideId "4626150"]
[BlackFideId "4600177"]
[EventDate "2014.11.21"]

1. d4 Nf6 2. c4 g6 3. Nc3 d5 4. cxd5 Nxd5 5. Bd2 Bg7 6. e4 Nb6 7. Be3 O-O 8. Nf3
Bg4 9. Be2 Nc6 10. d5 Bxf3 11. gxf3 Na5 12. Bd4 Qd6 13. Nb5 Qb4+ 14. Qd2 Qxd2+
15. Kxd2 c6 16. Bxg7 Kxg7 17. dxc6 Rfd8+ 18. Kc2 Nxc6 19. Rad1 a6 20. Nc3 Nd4+
21. Kb1 Nxe2 22. Nxe2 Nc4 23. Kc2 Ne5 24. f4 Ng4 25. Rxd8 Rxd8 26. f3 Ne3+ 27.
Kc3 b5 28. b3 Kf6 29. Rg1 e5 30. h4 h6 31. h5 a5 32. a3 g5 33. fxg5+ hxg5 34. h6
Kg6 35. h7 f5 36. Rh1 Rh8 37. Kd3 f4 38. Nc3 Ng2 39. Nxb5 Nh4 40. Ke2 Rxh7 41.
Rc1 g4 42. fxg4 Kg5 43. Rc7 Rh6 44. Rg7+ Ng6 45. Nd6 Rh2+ 46. Kf1 Rh1+ 1/2-1/2

[Event "85th ch-GER 2014"]
[Site "Verden an der Aller GER"]
[Date "2014.11.26"]
[Round "6.6"]
[White "Poetsch, Hagen"]
[Black "Bluebaum, Matthias"]
[Result "1/2-1/2"]
[WhiteTitle "IM"]
[BlackTitle "IM"]
[WhiteElo "2498"]
[BlackElo "2537"]
[WhiteFideId "24615137"]
[BlackFideId "24651516"]
[EventDate "2014.11.21"]

1. e4 e6 2. d4 d5 3. Nc3 Nf6 4. e5 Nfd7 5. f4 c5 6. Nf3 Be7 7. Be3 b6 8. h4 Nc6
9. h5 O-O 10. h6 g6 11. Qd2 f6 12. dxc5 Nxc5 13. Bb5 Bb7 14. exf6 Bxf6 15. O-O-O
Ne7 16. Bd4 Nf5 17. Be5 Bxe5 18. fxe5 a6 19. Bd3 d4 20. Bxf5 Bxf3 21. gxf3 dxc3
22. Qxd8 Raxd8 23. b4 Rxd1+ 24. Rxd1 Rxf5 25. bxc5 bxc5 26. Rd8+ Rf8 27. Rd3 Rf5
28. Rd8+ Rf8 29. Rd3 Rf5 1/2-1/2

[Event "85th ch-GER 2014"]
[Site "Verden an der Aller GER"]
[Date "2014.11.26"]
[Round "6.7"]
[White "Graf, Felix"]
[Black "Schmid, Roland GER"]
[Result "1-0"]
[WhiteTitle "IM"]
[WhiteElo "2476"]
[BlackElo "2249"]
[WhiteFideId "24608904"]
[BlackFideId "24647810"]
[EventDate "2014.11.21"]

1. Nf3 d5 2. b3 c5 3. e3 Nc6 4. Bb2 f6 5. d4 e6 6. c4 cxd4 7. exd4 Bb4+ 8. Nc3
Nge7 9. a3 Bd6 10. Bd3 Bc7 11. O-O dxc4 12. bxc4 Nxd4 13. Re1 Nxf3+ 14. Qxf3 O-O
15. Rad1 Qe8 16. Nb5 Bb8 17. c5 Qc6 18. Qh3 Ng6 19. Nd4 Qxc5 20. Nxe6 Bxe6 21.
Qxe6+ Kh8 22. Bxg6 hxg6 23. Re3 Bf4 24. Rh3+ Bh6 25. Rxh6+ gxh6 26. Bxf6+ Rxf6
27. Qxf6+ Kg8 28. Qxg6+ Kf8 29. Qxh6+ Kf7 30. Rd7+ 1-0

[Event "85th ch-GER 2014"]
[Site "Verden an der Aller GER"]
[Date "2014.11.26"]
[Round "6.8"]
[White "Meins, Gerlef"]
[Black "Kalinitschew, Sergey"]
[Result "1/2-1/2"]
[WhiteTitle "IM"]
[BlackTitle "GM"]
[WhiteElo "2443"]
[BlackElo "2392"]
[WhiteFideId "4620895"]
[BlackFideId "4637321"]
[EventDate "2014.11.21"]

1. Nf3 d6 2. e4 Nf6 3. Nc3 c5 4. Bb5+ Bd7 5. Bxd7+ Nbxd7 6. O-O g6 7. d4 cxd4 8.
Nxd4 Bg7 9. b3 Rc8 10. Bb2 Qa5 11. Qe1 Ng4 12. Nd5 Qxe1 13. Raxe1 a6 14. c4 Nc5
15. Re2 e6 16. Ne3 Nxe3 17. Rxe3 O-O 18. Ba1 Rfd8 19. Nf3 b5 20. Bxg7 Kxg7 21.
Rc1 bxc4 22. Rxc4 d5 23. exd5 exd5 24. Rc1 d4 25. Nxd4 Rxd4 26. g3 a5 27. Rec3
Rd5 28. R1c2 h5 29. h4 Rf5 30. a3 Rb8 31. Rxc5 Rxb3 32. Rxf5 gxf5 33. Rc5 Rxa3
34. Rxf5 Kg6 35. Rg5+ Kh6 36. Rf5 Kg6 37. Rg5+ Kh6 38. Rf5 Kg6 39. Rg5+ 1/2-1/2

[Event "85th ch-GER 2014"]
[Site "Verden an der Aller GER"]
[Date "2014.11.26"]
[Round "6.9"]
[White "Harff, Marcel"]
[Black "Plischki, Sebastian"]
[Result "1/2-1/2"]
[WhiteTitle "FM"]
[BlackTitle "IM"]
[WhiteElo "2273"]
[BlackElo "2396"]
[WhiteFideId "24621382"]
[BlackFideId "4637143"]
[EventDate "2014.11.21"]

1. c4 Nf6 2. Nf3 g6 3. g3 Bg7 4. Bg2 O-O 5. O-O d6 6. d4 Nbd7 7. Nc3 a6 8. Qc2
c5 9. e3 Rb8 10. a4 b6 11. b3 Bb7 12. Bb2 e6 13. Rad1 Qc7 14. Rd2 cxd4 15. exd4
Rbc8 16. Qd3 Rfd8 17. Nh4 Bxg2 18. Nxg2 Qb7 19. Ne3 d5 20. cxd5 exd5 21. Rc2 Nb8
22. Ne2 Rxc2 23. Nxc2 Nc6 24. Bc1 b5 25. axb5 Qxb5 26. Qxb5 axb5 27. f3 Ra8 28.
Nc3 b4 29. Na4 Nd7 30. Be3 Bf8 31. Rd1 f6 32. Rd3 Kf7 33. Bd2 Ra6 34. Kf2 Nb6
35. Nxb6 Rxb6 36. Ke2 Ra6 37. Kd1 h5 38. Kc1 Bd6 39. Kb2 Ra8 40. Ne3 Ke6 41. Ng2
g5 42. f4 g4 43. Be1 f5 44. Rd1 Be7 45. Ne3 Bd6 46. Bf2 Ne7 47. Re1 Kf6 48. Ra1
Rxa1 49. Kxa1 h4 50. Kb2 h3 51. Kc2 Ke6 52. Kd3 Ng8 53. Be1 Nf6 54. Ke2 Ne4 55.
Kf1 Be7 56. Nc2 1/2-1/2

[Event "85th ch-GER 2014"]
[Site "Verden an der Aller GER"]
[Date "2014.11.26"]
[Round "6.10"]
[White "Stern, Rene"]
[Black "Zehnter, Sebastian"]
[Result "1-0"]
[WhiteTitle "GM"]
[WhiteElo "2546"]
[BlackElo "2237"]
[WhiteFideId "4611799"]
[BlackFideId "24608670"]
[EventDate "2014.11.21"]

1. d4 d5 2. c4 e5 3. e3 exd4 4. exd4 Nf6 5. Nc3 Bb4 6. Bd3 O-O 7. Ne2 dxc4 8.
Bxc4 Nbd7 9. O-O Nb6 10. Bb3 Bf5 11. a3 Be7 12. Ng3 Bg6 13. Qf3 c6 14. Be3 Qd7
15. Rad1 Rfd8 16. h3 Nbd5 17. Bc1 Rac8 18. Rfe1 Rc7 19. Bg5 h6 20. Bc1 Qc8 21.
Na4 b6 22. Nc3 Bf8 23. Bd2 Nxc3 24. bxc3 c5 25. Bf4 Bd6 26. dxc5 Bxf4 27. Rxd8+
Qxd8 28. Qxf4 Rxc5 29. Re3 Qc7 30. Qd4 Kh7 31. Ne2 Rb5 32. c4 Ra5 33. a4 Rg5 34.
Nf4 Qc5 35. Qxc5 Rxc5 36. Re7 a5 37. Nxg6 fxg6 38. Re6 Nd7 39. Bc2 Rxc4 40.
Bxg6+ Kg8 41. Re7 Rc1+ 42. Kh2 Nf8 43. Be4 Rd1 44. Bc2 Rd6 45. Bb3+ Kh7 46. Re8
Rf6 47. Kg3 Kg6 48. f4 h5 49. Bc4 Kh6 50. Bd3 g6 51. Bc4 Nd7 52. Bb5 Nf8 53. Rb8
h4+ 54. Kxh4 Rxf4+ 55. Kg3 Rf6 56. Rd8 Nh7 57. Rd4 Kg7 58. Rd7+ Kh6 59. Rc7 Ng5
60. Rc4 Nf7 61. Rc6 Rxc6 62. Bxc6 Ne5 63. Be4 g5 64. Kf2 Kg7 65. Ke3 Kf6 66. Kd4
Ke6 67. g3 Kd6 68. Bd3 Nd7 69. Bc2 Nf6 70. Bg6 Ng8 71. Ke4 Nh6 72. Bh5 Ke6 73.
Bd1 Kf6 74. g4 Nf7 75. Kd5 Ne5 76. Be2 Nd7 77. Kc6 Ke7 78. Bb5 Kd8 79. Kb7 1-0

[Event "85th ch-GER 2014"]
[Site "Verden an der Aller GER"]
[Date "2014.11.26"]
[Round "6.11"]
[White "Breutigam, Martin"]
[Black "Keymer, Vincent"]
[Result "1-0"]
[WhiteTitle "IM"]
[WhiteElo "2409"]
[BlackElo "2116"]
[WhiteFideId "4601840"]
[BlackFideId "12940690"]
[EventDate "2014.11.21"]

1. Nf3 d5 2. c4 c6 3. g3 Bg4 4. Bg2 e6 5. Ne5 Bf5 6. cxd5 exd5 7. d4 Nf6 8. O-O
Nbd7 9. Nc3 Bd6 10. Bf4 Qe7 11. Qb3 Nf8 12. Nxf7 Kxf7 13. Bxd6 Qxd6 14. e4 Bxe4
15. Bxe4 Ne6 16. Qxb7+ Qe7 17. Qxe7+ Kxe7 18. Bg2 Nxd4 19. Rfd1 Ne6 20. Rac1
Rhc8 21. Bh3 g5 22. Bf5 Kd6 23. b4 Rcb8 24. Bxe6 Kxe6 25. Ne2 Kd7 26. Nd4 Rxb4
27. Nxc6 Re4 28. Nd4 Rc8 29. Rb1 h5 30. Rb5 Rc4 31. Rb7+ Rc7 32. Rb8 Rc8 33.
Rxc8 Kxc8 34. Nb5 Ra4 35. Nc3 Ra5 36. f3 Rc5 37. Ne2 Kd7 38. Nd4 g4 39. Kf2 gxf3
40. Kxf3 Ng4 41. Rd2 Ke7 42. Re2+ Kf7 43. h3 Nf6 44. Kf4 Ne4 45. Re3 Kf6 46. Ra3
a5 47. Rb3 Nd6 48. Rb6 Ke7 49. Ra6 Kd7 50. Ra7+ Ke8 51. Ke5 Nc8 52. Rh7 Rc3 53.
Nf5 Rc2 54. a3 Nb6 55. Rxh5 Re2+ 56. Kd6 Nc4+ 57. Kxd5 Nxa3 58. Rh7 Nb1 59. Nd6+
Kf8 60. Rf7+ Kg8 61. Ra7 a4 62. Ne4 a3 63. g4 Kf8 64. g5 Rg2 65. Ke6 1-0

[Event "85th ch-GER 2014"]
[Site "Verden an der Aller GER"]
[Date "2014.11.26"]
[Round "6.13"]
[White "Thiel, Thomas"]
[Black "Kollars, Dmitrij"]
[Result "0-1"]
[WhiteTitle "FM"]
[WhiteElo "2323"]
[BlackElo "2283"]
[WhiteFideId "4615964"]
[BlackFideId "12909572"]
[EventDate "2014.11.21"]

1. e4 e5 2. Nf3 Nc6 3. Bc4 Nf6 4. Ng5 d5 5. exd5 Na5 6. Bb5+ Bd7 7. Qe2 Be7 8.
Nc3 O-O 9. O-O Bxb5 10. Qxb5 c6 11. dxc6 Nxc6 12. Qxb7 Nd4 13. Nge4 Nxc2 14. Rb1
Nd7 15. Nd5 Nd4 16. d3 f5 17. Nec3 Bd6 18. Be3 Rf7 19. Qa6 Nc5 20. Qc4 Nce6 21.
Rfe1 Rc8 22. Qa4 Qh4 23. Bxd4 Nxd4 24. Qd1 Rd8 25. Re3 Bb8 26. Rh3 Qg5 27. Qh5
Qxh5 28. Rxh5 Rfd7 29. Ne3 g6 30. Rh3 Ne6 31. Nc4 Nf4 32. Re3 Nxd3 33. Kf1 Kf7
34. g3 Bc7 35. Rd1 Rd4 36. Nb5 Rxc4 37. Rexd3 Rxd3 38. Rxd3 Rc1+ 39. Ke2 Bb6 40.
Nc3 Rc2+ 0-1

[Event "85th ch-GER 2014"]
[Site "Verden an der Aller GER"]
[Date "2014.11.26"]
[Round "6.14"]
[White "Kabisch, Thilo"]
[Black "Schild, Christoph"]
[Result "1-0"]
[BlackTitle "FM"]
[WhiteElo "2204"]
[BlackElo "2424"]
[WhiteFideId "4603745"]
[BlackFideId "4637089"]
[EventDate "2014.11.21"]

1. e4 e6 2. d4 d5 3. Nd2 dxe4 4. Nxe4 Nd7 5. Nf3 Ngf6 6. Bg5 Be7 7. Ned2 c5 8.
Nb3 h6 9. Bh4 cxd4 10. Qxd4 O-O 11. O-O-O Qb6 12. Be2 a5 13. Qxb6 Nxb6 14. Ne5
a4 15. Nd4 a3 16. b3 g5 17. Bg3 Ne4 18. Nb5 Nd5 19. c4 Ndc3 20. Nxc3 Nxc3 21.
Rd2 Rd8 22. Rc2 Bb4 23. h4 f6 24. Ng4 Kg7 25. Bf3 h5 26. Nxf6 Kxf6 27. hxg5+ Kf5
28. Rxh5 Bd7 29. g6+ Kxg6 30. Be5 Bc6 31. Bg4 Ne4 32. f4 Nf6 33. Rg5+ Kf7 34.
Re2 Bd6 35. Bxd6 Rxd6 36. c5 Rd4 37. Bxe6+ Kf8 38. Rf5 Kg7 39. Rg5+ Kf8 40. Rf5
Kg7 41. Rg5+ Kh8 42. g3 Be4 43. Rh2+ Nh7 44. Re5 Rf8 45. Rd2 Rfd8 46. Rxd4 Rxd4
47. Bc8 Nf6 48. Re6 Kg7 49. Bxb7 Kf7 50. Rb6 Bxb7 51. Rxb7+ Ke6 52. Rb6+ Ke7 53.
Ra6 Ne4 54. Ra7+ Ke6 55. c6 Rd6 56. Ra6 Kd5 57. g4 Rxc6+ 58. Rxc6 Kxc6 59. Kc2
Kc5 60. g5 Kd4 61. g6 Nf6 62. g7 Ke4 63. b4 Kxf4 64. b5 Ke5 65. Kb3 Ke6 66. Kxa3
Kf7 67. Kb4 Kxg7 68. a4 Kf7 69. a5 1-0

[Event "85th ch-GER 2014"]
[Site "Verden an der Aller GER"]
[Date "2014.11.26"]
[Round "6.15"]
[White "Buchal, Stephan"]
[Black "Bodrozic, Tomislav"]
[Result "1-0"]
[WhiteTitle "FM"]
[WhiteElo "2255"]
[BlackElo "2322"]
[WhiteFideId "4603915"]
[BlackFideId "24630993"]
[EventDate "2014.11.21"]

1. c4 Nf6 2. Nf3 g6 3. b4 Bg7 4. Bb2 O-O 5. g3 d6 6. Bg2 c6 7. O-O Nbd7 8. d3
Re8 9. Nc3 e5 10. Nd2 Nf8 11. b5 Qc7 12. bxc6 bxc6 13. Nb5 cxb5 14. Bxa8 bxc4
15. Bg2 cxd3 16. exd3 d5 17. Rc1 Qb6 18. Bxe5 Bg4 19. Bf3 Rxe5 20. Bxg4 Nxg4 21.
Qxg4 Qb2 22. Nf3 Rf5 23. Nh4 Rxf2 24. Rxf2 Qxc1+ 25. Kg2 Qc6 26. Nf3 Nd7 27. Re2
Bf6 28. Qf4 Kg7 29. g4 h6 30. h4 Nc5 31. g5 hxg5 32. hxg5 Bc3 33. Re7 1-0

[Event "85th ch-GER 2014"]
[Site "Verden an der Aller GER"]
[Date "2014.11.26"]
[Round "6.16"]
[White "Kuersten, Ruediger"]
[Black "Bastian, Herbert"]
[Result "0-1"]
[BlackTitle "IM"]
[WhiteElo "2179"]
[BlackElo "2317"]
[WhiteFideId "24605816"]
[BlackFideId "4601700"]
[EventDate "2014.11.21"]

1. d4 Nf6 2. Nf3 g6 3. g3 Bg7 4. Bg2 O-O 5. O-O d6 6. a4 a5 7. Nc3 c6 8. b3 Qc7
9. Ba3 Na6 10. Rc1 Re8 11. Nd2 Rb8 12. d5 Nxd5 13. Nxd5 cxd5 14. Bxd5 Nb4 15.
Bxb4 axb4 16. Kg2 b5 17. axb5 Rxb5 18. e4 Qd7 19. Qe2 Rc5 20. Bc4 Qh3+ 21. Kh1
Rh5 22. f4 Bg4 23. Rf3 e6 24. Nf1 Ra8 25. Qd1 Rha5 26. Be2 Ra1 27. Nd2 Bxf3+ 28.
Bxf3 Bc3 29. Rxa1 Rxa1 30. Nb1 e5 31. f5 gxf5 32. exf5 Qxf5 33. Kg2 e4 34. Bg4
Rxb1 35. Qxb1 Qxg4 36. Qa2 Qf3+ 37. Kh3 Qf1+ 38. Kg4 h5+ 0-1

[Event "85th ch-GER 2014"]
[Site "Verden an der Aller GER"]
[Date "2014.11.26"]
[Round "6.17"]
[White "Boidman, Yuri"]
[Black "Grigorian, Spartak"]
[Result "1-0"]
[WhiteTitle "IM"]
[WhiteElo "2393"]
[BlackElo "2244"]
[WhiteFideId "4643992"]
[BlackFideId "24661490"]
[EventDate "2014.11.21"]

1. Nf3 Nf6 2. d4 e6 3. Bg5 c5 4. c3 h6 5. Bh4 b6 6. Nbd2 Bb7 7. e3 Be7 8. Bg3
O-O 9. Bd3 Nc6 10. h3 d5 11. Ne5 Bd6 12. f4 Ne7 13. O-O Ne4 14. Nxe4 dxe4 15.
Bc4 cxd4 16. cxd4 Rc8 17. b3 b5 18. Bxb5 Nd5 19. Qe1 Bb4 20. Qf2 Rc3 21. Rae1 f6
22. Ng6 Rf7 23. Bc4 Qd7 24. h4 a5 25. h5 a4 26. Re2 Kh7 27. Nh4 f5 28. Ng6 Qe8
29. Bh4 Rc7 30. Kh2 Nb6 31. Rb1 a3 32. Rc2 Rxc2 33. Qxc2 Bd5 34. Qf2 Qc8 35. Qg3
Bd6 36. Bb5 Rc2 37. Ne5 Bxe5 38. Qg6+ Kg8 39. fxe5 Qf8 40. Ra1 Na8 41. Bc4 Bxc4
42. bxc4 Nc7 43. d5 exd5 44. cxd5 Nxd5 45. Rd1 Rc5 46. Qd6 Nc7 47. Be7 Qe8 48.
Qxc5 Qxh5+ 49. Bh4 Qxh4+ 50. Kg1 Ne6 51. Qc8+ Nf8 52. e6 Qe7 53. Rd8 g6 54. Qd7
Qf6 55. e7 Qa1+ 56. Qd1 1-0

[Event "85th ch-GER 2014"]
[Site "Verden an der Aller GER"]
[Date "2014.11.26"]
[Round "6.18"]
[White "Mueller, Reinhold"]
[Black "Krause, Ullrich"]
[Result "1/2-1/2"]
[WhiteTitle "FM"]
[BlackTitle "FM"]
[WhiteElo "2289"]
[BlackElo "2276"]
[WhiteFideId "24605875"]
[BlackFideId "4613058"]
[EventDate "2014.11.21"]

1. d4 e6 2. c4 Bb4+ 3. Bd2 a5 4. Nf3 d6 5. g3 Nc6 6. Bg2 e5 7. O-O exd4 8. Bxb4
axb4 9. Nxd4 Nxd4 10. Qxd4 Nf6 11. Qd2 c5 12. Rd1 Ra6 13. Qc2 O-O 14. Nd2 Qe7
15. Nf1 Re8 16. Ne3 Qe5 17. Rd2 g6 18. Qd1 h5 19. b3 Kg7 20. Rc1 h4 21. Rcc2
hxg3 22. hxg3 Rh8 23. Nf1 Bf5 24. Rc1 Ne4 25. Bxe4 Bxe4 26. f3 Bc6 27. e4 Raa8
28. Rcc2 Rad8 29. Rh2 b5 30. Rxh8 Rxh8 31. Rh2 Rxh2 32. Kxh2 bxc4 33. bxc4 f5
34. exf5 Qxf5 35. Kg2 Qe6 36. Qc2 d5 37. cxd5 Qxd5 38. Qe2 Kf7 39. Ne3 Qe6 40.
Kf2 Bd5 41. Qc2 Bxa2 42. Qxc5 Qe7 43. Qb6 Be6 1/2-1/2

[Event "85th ch-GER 2014"]
[Site "Verden an der Aller GER"]
[Date "2014.11.26"]
[Round "6.19"]
[White "Krallmann, Matthias"]
[Black "Skibbe, Willi"]
[Result "0-1"]
[WhiteTitle "FM"]
[BlackTitle "FM"]
[WhiteElo "2221"]
[BlackElo "2274"]
[WhiteFideId "4613848"]
[BlackFideId "4682190"]
[EventDate "2014.11.21"]

1. d4 d5 2. c4 Nc6 3. cxd5 Qxd5 4. e3 e5 5. Nc3 Bb4 6. Bd2 Bxc3 7. Bxc3 exd4 8.
Ne2 Nf6 9. Nxd4 Bd7 10. Nb5 O-O-O 11. Bxf6 Qxd1+ 12. Rxd1 gxf6 13. Be2 a6 14.
Nc3 Bf5 15. O-O Bc2 16. Rc1 Rd2 17. Bg4+ Kb8 18. Nb1 Bxb1 19. Rxb1 Rhd8 20. Rfd1
Ne5 21. Be2 c5 22. Kf1 Nc4 23. Ke1 Rxd1+ 24. Bxd1 b5 25. Bh5 Ne5 26. Ke2 Kc7 27.
f4 Nc4 28. b3 Rd2+ 29. Kf3 Nd6 30. e4 Rd3+ 31. Kg4 Re3 32. e5 fxe5 33. fxe5 Rxe5
34. Rf1 Re2 35. Kh3 Re3+ 36. Kh4 f5 37. Rc1 c4 38. bxc4 bxc4 39. Kg5 Kc6 40.
Bf3+ Kc5 41. Rd1 Rd3 42. Rxd3 cxd3 43. h4 Kd4 44. Kh6 Ke5 45. Kxh7 Kf6 46. g4
fxg4 47. Bxg4 d2 48. Bd1 Nf5 49. h5 Kg5 50. Be2 Ng3 51. Bd1 Nxh5 52. Kg8 Nf4 53.
Kf7 Kf5 54. Ke7 Ke5 55. Bf3 Nd3 56. Kd7 Kd4 57. Kd6 a5 58. Bh5 a4 59. a3 Kc3 60.
Bd1 Nb2 0-1

[Event "85th ch-GER 2014"]
[Site "Verden an der Aller GER"]
[Date "2014.11.26"]
[Round "6.20"]
[White "Hoeffer, David"]
[Black "Asendorf, Joachim"]
[Result "1/2-1/2"]
[BlackTitle "FM"]
[WhiteElo "2276"]
[BlackElo "2298"]
[WhiteFideId "24606766"]
[BlackFideId "4639260"]
[EventDate "2014.11.21"]

1. d4 d5 2. c4 e6 3. Nf3 c5 4. cxd5 exd5 5. Bg5 Be7 6. Bxe7 Nxe7 7. dxc5 Qa5+ 8.
Nbd2 Qxc5 9. e3 Nbc6 10. Rc1 Qa5 11. a3 O-O 12. Be2 Rd8 13. O-O Bg4 14. Nb3 Qb6
15. Nfd4 Bxe2 16. Qxe2 Rac8 17. h3 Ne5 18. Rfd1 a6 19. Rxc8 Rxc8 20. Rc1 Rc4 21.
Rc2 Qc7 22. e4 Rxc2 23. Nxc2 Qc4 24. Qxc4 Nxc4 25. exd5 Nxd5 26. Nc5 Nxb2 27.
Nxb7 Kf8 28. Kf1 Ke7 29. Ke2 Na4 30. Na5 Kd6 31. Nb3 Nc5 32. Nbd4 Ke5 33. Nf3+
Kf6 34. g3 h6 35. Nfd4 Ke5 36. Nc6+ Kd6 37. N6d4 Ke5 38. Nc6+ Kd6 39. N6d4 Ke5
40. Nc6+ Kd6 1/2-1/2

[Event "85th ch-GER 2014"]
[Site "Verden an der Aller GER"]
[Date "2014.11.26"]
[Round "6.21"]
[White "Schulz, Michael1"]
[Black "Reimche, Vadim"]
[Result "1-0"]
[WhiteTitle "FM"]
[WhiteElo "2233"]
[BlackElo "2084"]
[WhiteFideId "4616731"]
[BlackFideId "4642422"]
[EventDate "2014.11.21"]

1. d4 Nf6 2. Bg5 c5 3. d5 d6 4. Nc3 g6 5. e4 Bg7 6. f4 O-O 7. Nf3 b5 8. Bxb5
Nxe4 9. Nxe4 Qa5+ 10. Kf2 f6 11. Qe2 fxg5 12. Nexg5 Rxf4 13. c3 a6 14. Bc4 Ra7
15. Rhf1 Qa4 16. b3 Qe8 17. Qe3 Rf8 18. Kg1 h6 19. Ne6 Rf6 20. Nxg7 Kxg7 21.
Rae1 a5 22. Nh4 Rxf1+ 23. Bxf1 g5 24. Qe4 e5 25. dxe6 gxh4 26. Bd3 Qxe6 27. Qh7+
Kf8 28. Qh8+ 1-0

[Event "85th ch-GER 2014"]
[Site "Verden an der Aller GER"]
[Date "2014.11.26"]
[Round "6.22"]
[White "Steffens, Olaf"]
[Black "Mueller, Oliver"]
[Result "0-1"]
[WhiteTitle "FM"]
[BlackTitle "FM"]
[WhiteElo "2279"]
[BlackElo "2258"]
[WhiteFideId "4630564"]
[BlackFideId "4633385"]
[EventDate "2014.11.21"]

1. b4 e5 2. a3 d5 3. Bb2 Bd6 4. c4 dxc4 5. e3 Nf6 6. Bxc4 O-O 7. Nc3 a5 8. b5
Nbd7 9. Qc2 Qe7 10. Nf3 Nb6 11. Bd3 h6 12. Be2 Re8 13. h3 Bd7 14. g4 e4 15. g5
hxg5 16. Nxg5 c6 17. Rg1 cxb5 18. Ncxe4 Nxe4 19. Bxg7 Nxg5 20. Bh6 Bf4 21. Bxg5
Bxg5 22. h4 Rac8 23. Qd3 Rc5 24. f4 Bf5 25. Qb3 Bc2 26. Qb2 Bg6 27. hxg5 Nc4 28.
Bxc4 bxc4 29. Qc3 Qe4 30. Kf2 Qd3 31. Rg3 Qxc3 32. dxc3 Rd5 33. Kf3 Be4+ 34. Kg4
Bf5+ 35. Kf3 Rd3 36. Ke2 Rxc3 37. Rh1 Rc2+ 0-1

[Event "85th ch-GER 2014"]
[Site "Verden an der Aller GER"]
[Date "2014.11.27"]
[Round "7.1"]
[White "Kunin, Vitaly"]
[Black "Fridman, Daniel"]
[Result "0-1"]
[WhiteTitle "GM"]
[BlackTitle "GM"]
[WhiteElo "2585"]
[BlackElo "2639"]
[WhiteFideId "4128737"]
[BlackFideId "11600454"]
[EventDate "2014.11.21"]

1. d4 d5 2. Bf4 Nf6 3. e3 c5 4. Nc3 cxd4 5. exd4 Bg4 6. f3 Bd7 7. g4 e6 8. a3
Qb6 9. b4 Bd6 10. Nge2 Bxf4 11. Nxf4 Nc6 12. Nce2 g5 13. Nh3 h5 14. Nxg5 hxg4
15. Bg2 Qc7 16. h3 g3 17. O-O Ne7 18. a4 Rc8 19. c3 Nh5 20. f4 f6 21. Nf3 Nxf4
22. Nxf4 Qxf4 23. Qd3 Qe4 24. Qd2 Qh7 25. Rae1 Qh6 26. Qd3 Ng6 27. Qc2 Nf4 28.
h4 Kd8 29. Qd2 Bxa4 30. Re3 Bd7 31. Rfe1 Ng6 32. Qa2 a6 33. Qa5+ Rc7 34. b5 Bxb5
35. Rxe6 Nxh4 36. Ne5 Kc8 37. Ng4 Qf4 38. Bxd5 Nf3+ 39. Bxf3 Qxf3 0-1

[Event "85th ch-GER 2014"]
[Site "Verden an der Aller GER"]
[Date "2014.11.27"]
[Round "7.2"]
[White "Wagner, Dennis"]
[Black "Khenkin, Igor"]
[Result "1/2-1/2"]
[WhiteTitle "IM"]
[BlackTitle "GM"]
[WhiteElo "2484"]
[BlackElo "2575"]
[WhiteFideId "24650684"]
[BlackFideId "4659600"]
[EventDate "2014.11.21"]

1. d4 Nf6 2. c4 e6 3. Nf3 d5 4. Nc3 Bb4 5. cxd5 exd5 6. Bg5 h6 7. Bh4 c5 8. dxc5
Nbd7 9. e3 Qa5 10. Nd2 Bxc3 11. bxc3 O-O 12. Be2 Ne4 13. Nxe4 dxe4 14. Qd4 Nxc5
15. Be7 Nb3 16. Qb4 Qxb4 17. cxb4 Nxa1 18. Bxf8 Kxf8 19. Kd2 Be6 20. Rxa1 Rd8+
21. Kc3 Rc8+ 22. Kb2 Ke7 23. a3 g5 24. Rc1 Rxc1 25. Kxc1 Kd6 26. Kd2 Ke5 27. Kc3
f5 28. Bc4 Bd7 29. Be2 Be6 30. Bc4 Bd7 31. Be2 Be6 32. Bc4 1/2-1/2

[Event "85th ch-GER 2014"]
[Site "Verden an der Aller GER"]
[Date "2014.11.27"]
[Round "7.3"]
[White "Buhmann, Rainer"]
[Black "Poetsch, Hagen"]
[Result "0-1"]
[WhiteTitle "GM"]
[BlackTitle "IM"]
[WhiteElo "2601"]
[BlackElo "2498"]
[WhiteFideId "4651340"]
[BlackFideId "24615137"]
[EventDate "2014.11.21"]

1. d4 d5 2. c4 c6 3. Nf3 Nf6 4. e3 Bf5 5. Nc3 e6 6. Nh4 Be4 7. f3 Bg6 8. Qb3 Qc7
9. Bd2 Be7 10. Rc1 Nbd7 11. cxd5 Nxd5 12. Nxg6 hxg6 13. Nxd5 exd5 14. Kf2 Bd6
15. h3 Bg3+ 16. Kg1 Nf6 17. Bd3 g5 18. Qc2 O-O 19. Be1 Nh5 20. h4 gxh4 21. Bh7+
Kh8 22. Qf5 Qe7 23. Rc3 g6 24. Bxg6 fxg6 25. Qxg6 Bxe1 0-1